| 000 | 00797cam a22002295a 4500 | ||
|---|---|---|---|
| 005 | 20091109141235.0 | ||
| 008 | 090114s2009 wau 000 0 eng | ||
| 010 | _aENG-95668 | ||
| 020 |
_a9788120339392 _c225.00 |
||
| 035 | _aEN-79201 | ||
| 037 | _aDBAD/PUB | ||
| 040 | _aDPL | ||
| 082 | _a530.2462 | ||
| 100 | _aMarikani, A. | ||
| 245 |
_aEngineering physics / _cby A. Marikani |
||
| 260 |
_aNew Delhi _bPHI Learning _c2009. |
||
| 300 |
_axii, 404p. _c24cm.(Pbk) |
||
| 500 | _aIncludes Index | ||
| 942 |
_2ddc _cEN _mMAR _h530.2462 |
||
| 999 |
_c33195 _d33195 |
||